[Event "CAN-op"]
[Site "Fredericton CAN"]
[Date "1977.07.23"]
[Round "1"]
[White "Brodie, Hugh"]
[Black "Oparic, Bruno"]
[Result "1-0"]
[WhiteElo "1845"]
[BlackElo "1335"]
[PlyCount "41"]
[EventDate "1977.07.24"]
[EventType "swiss"]
[EventRounds "10"]
[EventCountry "CAN"]

1. e4 e5 2. Nc3 Nc6 3. Bc4 Nf6 4. d3 Bc5 5. Nf3 O-O 6. Bg5 d6 7. Nd5 Bg4 8. h3
Bh5 9. g4 Bg6 10. h4 h6 11. Nxf6+ gxf6 12. Bxh6 Re8 13. Qd2 Nd4 14. Nxd4 Bxd4
15. c3 Bb6 16. h5 Bh7 17. g5 fxg5 18. Bxg5 Qd7 19. Rg1 Kf8 20. Bf6 Rec8 21. Qg5
1-0

[Event "CAN-op"]
[Site "Fredericton CAN"]
[Date "1977.07.24"]
[Round "2"]
[White "Piasetski, Leon"]
[Black "Brodie, Hugh"]
[Result "1-0"]
[WhiteElo "2332"]
[BlackElo "1845"]
[PlyCount "73"]
[EventDate "1977.07.24"]
[EventType "swiss"]
[EventRounds "10"]
[EventCountry "CAN"]

1. c4 e5 2. Nc3 Nc6 3. Nf3 g6 4. d4 exd4 5. Nxd4 Bg7 6. Nxc6 bxc6 7. g3 Ne7 8.
Bg2 O-O 9. O-O d6 10. Bd2 Be6 11. b3 Qd7 12. Re1 Rfe8 13. Rc1 Rad8 14. Ne4 Bh3
15. Bh1 f6 16. Bc3 Rf8 17. Qc2 Qe6 18. Qb2 Rf7 19. Qa3 Nc8 20. Qa6 Bh6 21. e3
f5 22. Nd2 Nb6 23. Bxc6 d5 24. cxd5 Nxd5 25. Qc4 Rd6 26. Ba1 Bg7 27. Bxg7 Kxg7
28. Nf3 h6 29. Red1 Nb6 30. Rxd6 Qxd6 31. Qd4+ Qf6 32. Qxf6+ Kxf6 33. Nd4 Ke5
34. Be8 Rg7 35. Rc5+ Ke4 36. Bc6+ Kd3 37. Ne6 1-0

[Event "CAN-op"]
[Site "Fredericton CAN"]
[Date "1977.07.24"]
[Round "3"]
[White "Brodie, Hugh"]
[Black "Gagnon, Robert"]
[Result "1-0"]
[WhiteElo "1845"]
[BlackElo "1569"]
[PlyCount "89"]
[EventDate "1977.07.24"]
[EventType "swiss"]
[EventRounds "10"]
[EventCountry "CAN"]

1. e4 e5 2. Nc3 Nf6 3. f4 d5 4. fxe5 Nxe4 5. Nf3 Nxc3 6. bxc3 Be7 7. d4 O-O 8.
Bd3 c5 9. O-O c4 10. Be2 b5 11. Bf4 Nc6 12. Qd2 Bf5 13. Kh1 Qa5 14. Bg5 Bxg5
15. Nxg5 Bg6 16. Nh3 b4 17. cxb4 Qxb4 18. c3 Qe7 19. Bf3 Rad8 20. Nf4 Qg5 21.
Qc1 Be4 22. Bxe4 dxe4 23. Qc2 Nxd4 24. cxd4 Rxd4 25. Ne2 Rd3 26. Qxc4 Qxe5 27.
Rad1 Rxd1 28. Rxd1 Re8 29. Qd4 Qxd4 30. Rxd4 Kf8 31. Kg1 f5 32. Kf2 Kf7 33.
Rd7+ Re7 34. Rxe7+ Kxe7 35. Nd4 Kf6 36. Nc6 f4 37. Nxa7 e3+ 38. Ke2 h5 39. Nc6
g5 40. a4 Ke6 41. a5 Kd6 42. Nd4 g4 43. Nf5+ Kc5 44. Nxe3 g3 45. h3 1-0

[Event "CAN-op"]
[Site "Fredericton CAN"]
[Date "1977.07.25"]
[Round "4"]
[White "McKim, Fred"]
[Black "Brodie, Hugh"]
[Result "1/2-1/2"]
[WhiteElo "1655"]
[BlackElo "1845"]
[PlyCount "91"]
[EventDate "1977.07.24"]
[EventType "swiss"]
[EventRounds "10"]
[EventCountry "CAN"]

1. d4 Nf6 2. Bg5 d6 3. Bxf6 gxf6 4. e3 e5 5. Bd3 f5 6. Ne2 Qf6 7. Nbc3 c6 8.
Ng3 e4 9. Be2 Bh6 10. Nh5 Qg6 11. g3 Nd7 12. d5 Ne5 13. dxc6 bxc6 14. Qd4 Qe6
15. O-O-O d5 16. Na4 Ng6 17. Nc5 Qe5 18. Qxe5+ Nxe5 19. Rd2 Ke7 20. Kb1 Kd6 21.
Nb3 Kc7 22. Rd4 Be6 23. h3 Bf8 24. Nf4 Be7 25. Nd2 Nd7 26. Nb3 Bf6 27. Rd2 Rab8
28. c4 dxc4 29. Nxe6+ fxe6 30. Bxc4 Rhe8 31. Rhd1 Ne5 32. Be2 Rbd8 33. Nc5 Rxd2
34. Rxd2 Kb6 35. Nd7+ Nxd7 36. Rxd7 Re7 37. Rxe7 Bxe7 38. a3 Kc5 39. Kc2 Bf6
40. Bf1 Kd5 41. a4 Kc5 42. b3 Bd8 43. Bc4 Kd6 44. Kd2 Ba5+ 45. Ke2 Ke5 46. Kf1
1/2-1/2

[Event "CAN-op"]
[Site "Fredericton CAN"]
[Date "1977.07.26"]
[Round "5"]
[White "Brodie, Hugh"]
[Black "Tufts, Randy"]
[Result "1/2-1/2"]
[WhiteElo "1845"]
[BlackElo "1604"]
[PlyCount "72"]
[EventDate "1977.07.24"]
[EventType "swiss"]
[EventRounds "10"]
[EventCountry "CAN"]

1. e4 Nc6 2. Nc3 e5 3. Bc4 Nf6 4. d3 Be7 5. f4 d6 6. Nf3 Bg4 7. h3 Bxf3 8. Qxf3
Nd4 9. Qd1 exf4 10. Bxf4 Ne6 11. Be3 O-O 12. O-O c6 13. Bb3 Nc7 14. Ne2 d5 15.
e5 Nd7 16. d4 f6 17. exf6 Nxf6 18. Ng3 Nce8 19. Nf5 Nd6 20. Nxe7+ Qxe7 21. Qd3
Nfe4 22. Bf4 Qh4 23. Be5 Rf7 24. Bxd6 Nxd6 25. Rxf7 Nxf7 26. c3 Nd6 27. Rf1 Rf8
28. Qe2 Rxf1+ 29. Qxf1 Qg5 30. Qe1 Qg6 31. Kh2 Kf7 32. Qf2+ Qf6 33. Qg3 g5 34.
Bc2 h5 35. Kg1 h4 36. Qf2 Qf4 1/2-1/2

[Event "CAN-op"]
[Site "Fredericton CAN"]
[Date "1977.07.27"]
[Round "6"]
[White "Kidder, Wayne"]
[Black "Brodie, Hugh"]
[Result "1/2-1/2"]
[WhiteElo "1556"]
[BlackElo "1845"]
[PlyCount "57"]
[EventDate "1977.07.24"]
[EventType "swiss"]
[EventRounds "10"]
[EventCountry "CAN"]

1. e4 c5 2. Nf3 Nc6 3. d4 cxd4 4. Nxd4 Nf6 5. Nc3 g6 6. Be3 Bg7 7. f3 O-O 8.
Qd2 d5 9. Nb3 dxe4 10. fxe4 Ng4 11. h3 Nxe3 12. Qxe3 a6 13. Rd1 Qc7 14. Nd5 Qe5
15. Nb6 Rb8 16. c3 Qc7 17. Nxc8 Rbxc8 18. Be2 Ne5 19. O-O Rcd8 20. Qc5 Nc6 21.
Nd4 Qa5 22. Qxa5 Nxa5 23. b4 Nc6 24. Nxc6 bxc6 25. Bxa6 Bxc3 26. Rc1 Bxb4 27.
Rxc6 Rd2 28. Bc4 Rd4 29. Rb1 1/2-1/2

[Event "CAN-op"]
[Site "Fredericton CAN"]
[Date "1977.07.28"]
[Round "7"]
[White "Lakdawala, Cyrus"]
[Black "Brodie, Hugh"]
[Result "1/2-1/2"]
[WhiteElo "1655"]
[BlackElo "1845"]
[PlyCount "131"]
[EventDate "1977.07.24"]
[EventType "swiss"]
[EventRounds "10"]
[EventCountry "CAN"]

1. c4 e5 2. Nc3 Nc6 3. g3 g6 4. Bg2 Bg7 5. e3 d6 6. Nge2 Nge7 7. d3 Bd7 8. Rb1
Qc8 9. h3 O-O 10. b4 a6 11. Bd2 f5 12. f4 Nd8 13. O-O Ne6 14. a4 h6 15. Nd5 Rf7
16. b5 axb5 17. axb5 exf4 18. Nexf4 Kh7 19. Nxe7 Rxe7 20. Nd5 Re8 21. Qc2 Ra3
22. Bb4 Ra7 23. b6 cxb6 24. Nxb6 Qd8 25. Nxd7 Qxd7 26. Be1 Nc5 27. Bf2 Qc7 28.
Rb4 Rea8 29. d4 Ra2 30. Qb1 Ra1 31. Qxa1 Rxa1 32. Rxa1 b6 33. Rab1 Ne4 34. Bxe4
fxe4 35. Rxb6 Qxc4 36. Rb7 Qc2 37. Ra1 g5 38. Raa7 Qd1+ 39. Kh2 Qe2 40. Rxg7+
Kh8 41. Rgf7 Kg8 42. Kg2 h5 43. Rf5 g4 44. h4 d5 45. Rd7 Qd1 46. Rdxd5 Qe2 47.
Rde5 Qc2 48. Rxh5 Kg7 49. Rhg5+ Kh6 50. Rxg4 Qe2 51. Rgxe4 Kg6 52. Rf4 Kg7 53.
d5 Qb2 54. Rg5+ Kh8 55. e4 Qd2 56. Rg6 Kh7 57. h5 Qd3 58. d6 Qc4 59. d7 Qd3 60.
Rf7+ Kh8 61. Rf8+ Kh7 62. d8=Q Qf1+ 63. Kf3 Qxf2+ 64. Kg4 Qf5+ 65. Kh4 Qxh5+
66. Kxh5 1/2-1/2

[Event "CAN-op"]
[Site "Fredericton CAN"]
[Date "1977.07.29"]
[Round "8"]
[White "Brodie, Hugh"]
[Black "Williams, John"]
[Result "1-0"]
[WhiteElo "1845"]
[BlackElo "1563"]
[PlyCount "77"]
[EventDate "1977.07.24"]
[EventType "swiss"]
[EventRounds "10"]
[EventCountry "CAN"]

1. e4 c6 2. d3 d5 3. Nd2 e5 4. Ngf3 Bg4 5. g3 Nf6 6. Bg2 Nbd7 7. O-O Bd6 8. Re1
O-O 9. Nf1 Qc7 10. Ne3 Bh5 11. Nf5 Bc5 12. h3 Qb6 13. Qe2 dxe4 14. dxe4 Nxe4
15. Qxe4 Bxf2+ 16. Kh2 Bxe1 17. Qxe1 Rfe8 18. b3 Qc5 19. c4 Rad8 20. Be3 Qa3
21. Nd2 f6 22. Ne4 Re6 23. Qd2 b6 24. g4 Bg6 25. Rd1 Qf8 26. b4 Bxf5 27. gxf5
Ree8 28. Nd6 Nb8 29. c5 b5 30. Be4 Re7 31. a3 a6 32. Rg1 Rc7 33. Rg4 Kh8 34.
Bb1 Rcd7 35. Ba2 Rxd6 36. cxd6 Rxd6 37. Qe2 Qd8 38. Rh4 Nd7 39. Rxh7+ 1-0

[Event "CAN-op"]
[Site "Fredericton CAN"]
[Date "1977.07.30"]
[Round "9"]
[White "Berner, George"]
[Black "Brodie, Hugh"]
[Result "1-0"]
[WhiteElo "2040"]
[BlackElo "1845"]
[PlyCount "43"]
[EventDate "1977.07.24"]
[EventType "swiss"]
[EventRounds "10"]
[EventCountry "CAN"]

1. Nc3 e5 2. d4 exd4 3. Qxd4 Nc6 4. Qa4 Nf6 5. Nf3 Bb4 6. Bd2 O-O 7. a3 Bc5 8.
Bg5 Be7 9. e3 d6 10. Bd3 h6 11. h4 Bd7 12. Qf4 Re8 13. O-O-O Qc8 14. Bxh6 Nh5
15. Qc4 gxh6 16. g4 Be6 17. Qe4 Nf6 18. Qf4 Kg7 19. g5 Nh5 20. Qe4 f5 21. gxf6+
Nxf6 22. Qg6+ 1-0

[Event "CAN-op"]
[Site "Fredericton CAN"]
[Date "1977.07.31"]
[Round "10"]
[White "Brodie, Hugh"]
[Black "Wesingi, Uno"]
[Result "0-1"]
[WhiteElo "1845"]
[BlackElo "1731"]
[PlyCount "158"]
[EventDate "1977.07.24"]
[EventType "swiss"]
[EventRounds "10"]
[EventCountry "CAN"]

1. e4 c5 2. Nf3 Nc6 3. Nc3 d6 4. d3 Nf6 5. g3 g6 6. Bg2 Bg7 7. O-O O-O 8. Nh4
Nd4 9. Ne2 Nxe2+ 10. Qxe2 Bg4 11. f3 Bd7 12. Be3 Qc8 13. c3 Bh3 14. f4 Bxg2 15.
Kxg2 Qc6 16. c4 b5 17. cxb5 Qxb5 18. Rf2 Rab8 19. h3 Nd7 20. Rb1 Qc6 21. Qc2 f5
22. Nf3 fxe4 23. dxe4 Rb4 24. Ng5 Rfb8 25. b3 Nf6 26. Kf3 Rxe4 27. Nxe4 Rb4 28.
Ke2 Nxe4 29. Rh2 Nc3+ 30. Kf2 Nxb1 31. Qxb1 Qe4 32. Qxe4 Rxe4 33. Kf3 Rb4 34.
Bd2 Rb7 35. Ke4 e6 36. Kd3 Kf7 37. Be3 Ke7 38. Rf2 Kd7 39. g4 Bf6 40. f5 gxf5
41. gxf5 e5 42. Rg2 Kc6 43. Rg8 Rf7 44. Bg5 Bxg5 45. Rxg5 Kd5 46. Rh5 a5 47.
Ke3 Rf6 48. Rxh7 Rxf5 49. h4 e4 50. Ra7 Rf3+ 51. Ke2 Rh3 52. Rxa5 Rxh4 53. b4
Kd4 54. bxc5 Rh2+ 55. Ke1 dxc5 56. Ra8 c4 57. a4 Ra2 58. a5 c3 59. a6 Kd3 60.
Rd8+ Ke3 61. Kd1 Rxa6 62. Kc2 Rc6 63. Rf8 Ke2 64. Rf7 e3 65. Rf8 Ke1 66. Rf7 e2
67. Rf8 Rd6 68. Rf7 Rd2+ 69. Kc1 Rd3 70. Kc2 Rh3 71. Rf8 Rh2 72. Kxc3 Rf2 73.
Rh8 Kd1 74. Rd8+ Kc1 75. Re8 Rf3+ 76. Kc4 Kd2 77. Rd8+ Ke1 78. Rh8 Kf2 79. Rh2+
Ke3 0-1

[Event "Quebec op"]
[Site "Montreal CAN"]
[Date "1977.07.11"]
[Round "2"]
[White "Brodie, Hugh"]
[Black "Popov, Theodore"]
[Result "1/2-1/2"]
[WhiteElo "1845"]
[BlackElo "1800"]
[PlyCount "80"]
[EventDate "1977.07.10"]
[EventType "swiss"]
[EventRounds "8"]
[EventCountry "CAN"]

1. e4 c5 2. Nf3 Nc6 3. Nc3 g6 4. g3 Bg7 5. Bg2 d6 6. O-O e6 7. d3 Nge7 8. Nh4
O-O 9. f4 Rb8 10. Be3 b5 11. Qd2 b4 12. Nd1 Nd4 13. c3 Ndc6 14. d4 bxc3 15.
bxc3 cxd4 16. cxd4 Qa5 17. Rf2 Qxd2 18. Rxd2 a5 19. Rc1 Bb7 20. Nf3 Rfc8 21.
Nf2 Nb4 22. Rb1 Ba6 23. Rdb2 Nbc6 24. Bf1 Bxf1 25. Kxf1 Kf8 26. Rxb8 Rxb8 27.
Rxb8+ Nxb8 28. Ke2 Ke8 29. Kd3 d5 30. e5 Nec6 31. a3 Bf8 32. Bc1 h6 33. Kc3 Kd8
34. Kb3 Kc7 35. Nd1 Kb6 36. Nc3 Na6 37. Be3 Nc7 38. Ne1 Nb5 39. Nxb5 Kxb5 40.
a4+ Kb6 1/2-1/2

[Event "Quebec op"]
[Site "Montreal CAN"]
[Date "1977.07.12"]
[Round "3"]
[White "Lake, Tim"]
[Black "Brodie, Hugh"]
[Result "0-1"]
[WhiteElo "1545"]
[BlackElo "1845"]
[PlyCount "76"]
[EventDate "1977.07.10"]
[EventType "swiss"]
[EventRounds "8"]
[EventCountry "CAN"]

1. d4 Nf6 2. c4 e5 3. dxe5 Ng4 4. Nf3 Nc6 5. Nc3 Ngxe5 6. Nxe5 Nxe5 7. e4 Bb4
8. a3 Bxc3+ 9. bxc3 d6 10. Bf4 O-O 11. Be2 Be6 12. c5 Qf6 13. Bxe5 dxe5 14. O-O
Qe7 15. c6 bxc6 16. Qd2 Rfd8 17. Qe3 c5 18. f4 f6 19. f5 Bd7 20. Rf3 Rab8 21.
Rh3 Bb5 22. Kf2 Bxe2 23. Qxe2 Qd6 24. Ke1 Rd7 25. Rd1 Qxd1+ 26. Qxd1 Rxd1+ 27.
Kxd1 c4 28. Kc2 Rb3 29. Re3 Rxa3 30. Kb2 Rb3+ 31. Kc2 Rb6 32. Re1 Kf7 33. Rb1
Ke7 34. Rb4 Rxb4 35. cxb4 a6 36. Kc3 c5 37. bxc5 Kd7 38. g4 Kc6 0-1

[Event "Quebec op"]
[Site "Montreal CAN"]
[Date "1977.07.13"]
[Round "4"]
[White "Brodie, Hugh"]
[Black "Stoll, Drew"]
[Result "1/2-1/2"]
[WhiteElo "1845"]
[BlackElo "1977"]
[PlyCount "89"]
[EventDate "1977.07.10"]
[EventType "swiss"]
[EventRounds "8"]
[EventCountry "CAN"]

1. e4 c5 2. Nf3 e6 3. Nc3 a6 4. g3 Nc6 5. d3 g6 6. Bg2 Bg7 7. O-O Nge7 8. Nh4
d6 9. f4 Nd4 10. Ne2 O-O 11. c3 Nxe2+ 12. Qxe2 d5 13. e5 Bd7 14. c4 Bc6 15. Be3
d4 16. Bd2 Qd7 17. b4 b6 18. bxc5 bxc5 19. Rab1 Rab8 20. Rfc1 Bxg2 21. Qxg2 Qa4
22. Be1 Rfc8 23. Rb7 Rxb7 24. Qxb7 Bf8 25. Qb2 Nc6 26. Qc2 Qxc2 27. Rxc2 Rb8
28. Kf2 g5 29. Nf3 gxf4 30. gxf4 Bh6 31. Bd2 Rb1 32. Kg3 a5 33. Ne1 Nxe5 34.
Bxa5 Ng6 35. Ng2 Rd1 36. Rd2 Rb1 37. Re2 Rd1 38. Rd2 Rf1 39. Bc7 e5 40. Rf2
exf4+ 41. Kf3 Rd1 42. Ke2 Rc1 43. Kf3 Rd1 44. Ke2 Rc1 45. Kf3 1/2-1/2

[Event "Quebec op"]
[Site "Montreal CAN"]
[Date "1977.07.14"]
[Round "5"]
[White "Nadeau, Renaud"]
[Black "Brodie, Hugh"]
[Result "1-0"]
[WhiteElo "1992"]
[BlackElo "1845"]
[PlyCount "57"]
[EventDate "1977.07.10"]
[EventType "swiss"]
[EventRounds "8"]
[EventCountry "CAN"]

1. e4 c5 2. Nf3 Nc6 3. d4 cxd4 4. Nxd4 Nf6 5. Nc3 g6 6. Be3 Bg7 7. Bc4 Qa5 8.
f3 Qb4 9. Nxc6 bxc6 10. Qd3 d6 11. O-O Nd7 12. a3 Qa5 13. b4 Qc7 14. f4 a5 15.
b5 Bb7 16. Rab1 Rc8 17. b6 Qd8 18. Na4 c5 19. e5 d5 20. Bxd5 Nxe5 21. Qb5+ Nc6
22. Rbd1 O-O 23. Bxf7+ Kxf7 24. Rxd8 Rfxd8 25. f5 Kg8 26. Qc4+ Kh8 27. fxg6
hxg6 28. Rf3 Bd4 29. Qf7 1-0

[Event "Quebec op"]
[Site "Montreal CAN"]
[Date "1977.07.15"]
[Round "6"]
[White "Brodie, Hugh"]
[Black "Frappier, Clement"]
[Result "1/2-1/2"]
[WhiteElo "1845"]
[BlackElo "1825"]
[PlyCount "105"]
[EventDate "1977.07.10"]
[EventType "swiss"]
[EventRounds "8"]
[EventCountry "CAN"]

1. e4 g6 2. d4 Bg7 3. Nc3 d6 4. f4 f6 5. Nf3 Nh6 6. Bc4 Nf7 7. O-O O-O 8. Qe2
c6 9. Bb3 b5 10. Qf2 a5 11. a3 Ba6 12. Re1 b4 13. axb4 axb4 14. Ne2 Bb7 15.
Rxa8 Bxa8 16. Ng3 Na6 17. Be3 Qc7 18. Ra1 Bb7 19. Bc4 Ra8 20. Qe2 Nb8 21. Rxa8
Bxa8 22. Bxf7+ Kxf7 23. Qc4+ e6 24. Qxb4 Nd7 25. f5 c5 26. fxe6+ Kxe6 27. dxc5
d5 28. Nd4+ Kf7 29. Nb5 Qc6 30. exd5 Qxd5 31. Qc4 Ne5 32. Qxd5+ Bxd5 33. b3 Ke7
34. Ne2 Be4 35. Ned4 Ng4 36. Bc1 Kd7 37. b4 f5 38. h3 Ne5 39. c3 Nc6 40. Nxc6
Kxc6 41. Nd4+ Bxd4+ 42. cxd4 Kb5 43. Bd2 Kc4 44. g4 fxg4 45. hxg4 h5 46. gxh5
gxh5 47. Kf2 Kxd4 48. Kg3 Kc4 49. Kf4 Bc6 50. Kg5 Bf3 51. Kf4 Bc6 52. Kg3 Kb5
53. Kh4 1/2-1/2

[Event "Quebec op"]
[Site "Montreal CAN"]
[Date "1977.07.16"]
[Round "7"]
[White "Brodie, Hugh"]
[Black "Perras, Andrew"]
[Result "1-0"]
[WhiteElo "1845"]
[BlackElo "1689"]
[PlyCount "47"]
[EventDate "1977.07.10"]
[EventType "swiss"]
[EventRounds "8"]
[EventCountry "CAN"]

1. e4 e5 2. Nc3 Nf6 3. f4 exf4 4. e5 Ng8 5. Nf3 Nc6 6. Bc4 d6 7. exd6 Bxd6 8.
O-O Nge7 9. d4 O-O 10. Ne2 Bg4 11. c3 Qd7 12. Nxf4 Rae8 13. h3 Bxf3 14. Qxf3
Nd8 15. Nh5 c6 16. Nxg7 Nd5 17. Nxe8 Rxe8 18. Bh6 Bf8 19. Qg3+ Kh8 20. Bxf8
Rxf8 21. Bxd5 Qxd5 22. Qe5+ Qxe5 23. dxe5 Re8 24. Rad1 1-0

[Event "Quebec op"]
[Site "Montreal CAN"]
[Date "1977.07.17"]
[Round "8"]
[White "Deslongchamps, Denis"]
[Black "Brodie, Hugh"]
[Result "1-0"]
[WhiteElo "1900"]
[BlackElo "1856"]
[PlyCount "68"]
[EventDate "1977.07.10"]
[EventType "swiss"]
[EventRounds "8"]
[EventCountry "CAN"]

1. e4 c5 2. Nf3 Nc6 3. d4 cxd4 4. Nxd4 Nf6 5. Nc3 g6 6. Bc4 Bg7 7. Be3 Qa5 8.
f3 Qb4 9. Bb3 Nxe4 10. Nxc6 Bxc3+ 11. bxc3 Qxc3+ 12. Ke2 Qxc6 13. fxe4 Qxe4 14.
Bd5 Qg4+ 15. Bf3 Qc4+ 16. Qd3 Qxd3+ 17. cxd3 e6 18. Bd4 O-O 19. Bf6 d5 20. Rac1
Bd7 21. Rc7 Bc6 22. g4 Rac8 23. Rxc8 Rxc8 24. g5 Ba4 25. Rb1 b6 26. Rb2 Kf8 27.
Kd2 Ke8 28. d4 Kd7 29. Be2 Rc7 30. Bd3 Kc8 31. Be5 Rd7 32. Ba6+ Kd8 33. Rb4 Bc6
34. Rb3 Ba4 1-0

[Event "Louis Hebert op"]
[Site "Montreal CAN"]
[Date "1977.06.04"]
[Round "1"]
[White "Keep, Richard"]
[Black "Brodie, Hugh"]
[Result "0-1"]
[WhiteElo "1525"]
[BlackElo "1727"]
[PlyCount "80"]
[EventDate "1977.06.04"]
[EventType "swiss"]
[EventRounds "5"]
[EventCountry "CAN"]

1. c4 e5 2. Nc3 Nc6 3. g3 g6 4. Bg2 Bg7 5. e4 d6 6. Nf3 Nge7 7. d3 Bd7 8. O-O
Qc8 9. a4 O-O 10. Bd2 Bg4 11. Rb1 f5 12. Qc1 fxe4 13. Ne1 exd3 14. Nxd3 Nd4 15.
Kh1 Nb3 16. Qe1 Nxd2 17. Qxd2 Nc6 18. Nd5 Kh8 19. b4 Nd4 20. Nc1 Bf3 21. Nb3
Qh3 22. Rg1 Bxg2+ 23. Rxg2 Nf3 24. Qe2 c6 25. Ne3 Rf6 26. Nf1 d5 27. Nfd2 e4
28. cxd5 cxd5 29. Qd1 Raf8 30. Nxf3 exf3 31. Rg1 g5 32. Qf1 Qh5 33. g4 Qh4 34.
Rg3 Rh6 35. h3 Be5 36. Kh2 Rff6 37. Rc1 Qxh3+ 38. Qxh3 Rxh3+ 39. Kg1 Bxg3 40.
fxg3 Rxg3+ 0-1

[Event "Louis Hebert op"]
[Site "Montreal CAN"]
[Date "1977.06.04"]
[Round "2"]
[White "Brodie, Hugh"]
[Black "Brzezinski, Alex"]
[Result "1-0"]
[WhiteElo "1727"]
[BlackElo "1646"]
[PlyCount "29"]
[EventDate "1977.06.04"]
[EventType "swiss"]
[EventRounds "5"]
[EventCountry "CAN"]

1. e4 e6 2. d3 c5 3. Nd2 Nc6 4. Ngf3 d5 5. g3 Nf6 6. Bg2 Be7 7. O-O O-O 8. Re1
Re8 9. e5 Nd7 10. Nf1 b5 11. h4 f6 12. exf6 Bxf6 13. N1h2 Nde5 14. Bg5 a6 15.
Nxe5 1-0

[Event "Louis Hebert op"]
[Site "Montreal CAN"]
[Date "1977.06.04"]
[Round "3"]
[White "Brodie, Hugh"]
[Black "Provost, Daniel Z"]
[Result "0-1"]
[WhiteElo "1727"]
[BlackElo "1675"]
[PlyCount "61"]
[EventDate "1977.06.04"]
[EventType "swiss"]
[EventRounds "5"]
[EventCountry "CAN"]

1. e4 c5 2. Nf3 Nc6 3. Nc3 e6 4. d4 cxd4 5. Nxd4 Nf6 6. g3 Bb4 7. Bg2 d5 8.
exd5 exd5 9. O-O O-O 10. Nce2 h6 11. c3 Bc5 12. Nb3 Bb6 13. h3 Re8 14. Nf4 Bf5
15. Nh5 Nxh5 16. Qxh5 Bd3 17. Bf4 Bxf1 18. Rxf1 d4 19. cxd4 Nxd4 20. Nxd4 Qxd4
21. Bxb7 Rad8 22. b3 Qb2 23. Ba6 Re1 24. Be3 Bxe3 25. fxe3 Rxf1+ 26. Bxf1 Qxa2
27. Qb5 Qd2 28. Qe5 Qe1 29. g4 g6 30. Qe7 Rd3 31. Qd8+ 0-1

[Event "Ontario op"]
[Site "Toronto CAN"]
[Date "1977.05.21"]
[Round "1"]
[White "Brodie, Hugh"]
[Black "Buscar, Bernard"]
[Result "1-0"]
[WhiteElo "1858"]
[BlackElo "1721"]
[PlyCount "133"]
[EventDate "1977.05.21"]
[EventType "swiss"]
[EventRounds "6"]
[EventCountry "CAN"]

1. e4 c5 2. Nf3 e6 3. Nc3 a6 4. g3 Nc6 5. Bg2 d6 6. O-O Nf6 7. d3 Be7 8. Nh4
O-O 9. f4 Qc7 10. Be3 b6 11. f5 Bb7 12. Bh3 Nd4 13. fxe6 Nxe6 14. Nf5 d5 15.
exd5 Nxd5 16. Nxd5 Bxd5 17. Qh5 Rad8 18. Rae1 Ba8 19. Qg4 Bb7 20. Nxe7+ Kh8 21.
Re2 Qxe7 22. Bd2 Qc7 23. Ref2 Qe7 24. Bc3 Nd4 25. Re1 Qc7 26. Bg2 Bxg2 27. Kxg2
Qb7+ 28. Kg1 Qd5 29. Bxd4 cxd4 30. a3 h6 31. Re7 Rde8 32. Rfxf7 Qxf7 33. Rxf7
Rxf7 34. Qxd4 Re1+ 35. Kg2 Re2+ 36. Kh3 Rff2 37. Qxb6 h5 38. Kh4 Rxh2+ 39. Kg5
Rhf2 40. Kxh5 Rxc2 41. b4 Rf6 42. Qd4 Rcc6 43. Kh4 Rcd6 44. Qc4 Rc6 45. Qb3 Rg6
46. d4 Rc1 47. Kh3 Rc8 48. Kg2 Rd8 49. Qc4 Rdd6 50. Kf2 Rdf6+ 51. Kg2 Rd6 52.
a4 Rgf6 53. Qc5 Rc6 54. Qh5+ Rh6 55. Qe8+ Kh7 56. Qe4+ Kh8 57. d5 Rcd6 58. Kf3
Rhf6+ 59. Ke3 Rb6 60. Kd3 Rb8 61. g4 Rfb6 62. Kc3 Rc8+ 63. Kb3 Rd6 64. g5 Rcd8
65. Kc4 Rc8+ 66. Kd4 Rb8 67. Kc5 1-0

[Event "Ontario op"]
[Site "Toronto CAN"]
[Date "1977.05.21"]
[Round "2"]
[White "Stone, Raymond"]
[Black "Brodie, Hugh"]
[Result "1-0"]
[WhiteElo "2119"]
[BlackElo "1858"]
[PlyCount "53"]
[EventDate "1977.05.21"]
[EventType "swiss"]
[EventRounds "6"]
[EventCountry "CAN"]

1. e4 c5 2. Nf3 Nc6 3. d4 cxd4 4. Nxd4 Nf6 5. Nc3 g6 6. Nxc6 bxc6 7. e5 Ng8 8.
Bc4 Bg7 9. Qe2 Nh6 10. O-O O-O 11. Bg5 Nf5 12. Rad1 h6 13. Bc1 Qc7 14. f4 d5
15. Bd3 e6 16. Qf2 f6 17. g4 Ne7 18. exf6 Bxf6 19. Be3 Bd7 20. Bc5 Kh7 21. g5
hxg5 22. fxg5 Bxg5 23. Qg2 Be3+ 24. Bxe3 c5 25. Qg5 Nf5 26. Bxf5 gxf5 27. Rf4
1-0

[Event "Ontario op"]
[Site "Toronto CAN"]
[Date "1977.05.22"]
[Round "3"]
[White "Brodie, Hugh"]
[Black "Buchholz, Martin"]
[Result "1-0"]
[WhiteElo "1858"]
[BlackElo "2118"]
[PlyCount "91"]
[EventDate "1977.05.21"]
[EventType "swiss"]
[EventRounds "6"]
[EventCountry "CAN"]

1. e4 e6 2. d3 d5 3. Nd2 Bd6 4. Ngf3 c5 5. g3 Nc6 6. Bg2 Nge7 7. O-O O-O 8. Re1
Bd7 9. Nf1 Qb8 10. h4 d4 11. N1h2 e5 12. Ng5 f6 13. Bh3 Qc8 14. Bxd7 Qxd7 15.
Ngf3 b5 16. Qe2 Rac8 17. Bd2 Qe6 18. Kg2 c4 19. c3 Rfd8 20. dxc4 bxc4 21. h5 d3
22. Qd1 Rb8 23. Rb1 Rb5 24. Nh4 Ra5 25. a4 Rb8 26. Nf1 Bc5 27. Be3 Bxe3 28.
Nxe3 Rb3 29. Nf3 Rxa4 30. Nxc4 Na5 31. Nfd2 Rxc4 32. Nxb3 Nb7 33. Qxd3 Rc8 34.
Nd2 Kf7 35. Ra1 a5 36. f3 Rd8 37. Qe2 Qb6 38. Nc4 Qc5 39. Ne3 Kf8 40. Red1 Rb8
41. Nd5 Nc6 42. h6 Nd6 43. Nc7 Qb6 44. hxg7+ Kg8 45. Rxd6 Qxc7 46. Qc4+ 1-0

[Event "Ontario op"]
[Site "Toronto CAN"]
[Date "1977.05.22"]
[Round "4"]
[White "Kleinplatz, Sam"]
[Black "Brodie, Hugh"]
[Result "1-0"]
[WhiteElo "2046"]
[BlackElo "1858"]
[PlyCount "100"]
[EventDate "1977.05.21"]
[EventType "swiss"]
[EventRounds "6"]
[EventCountry "CAN"]

1. e4 c5 2. b4 cxb4 3. d4 d5 4. e5 Bf5 5. a3 e6 6. Bb5+ Nc6 7. Ne2 Qb6 8. Ba4
Qa5 9. axb4 Qxb4+ 10. c3 Qb6 11. Na3 a6 12. O-O Rc8 13. Nc2 Bg6 14. Ne3 Nge7
15. Ng3 h5 16. h4 Qd8 17. f4 Nf5 18. Ngxf5 Bxf5 19. Nxf5 exf5 20. Qf3 Qxh4 21.
Qxd5 Qd8 22. Qf3 b5 23. Bb3 Qb6 24. e6 fxe6 25. Be3 Nd8 26. c4 bxc4 27. Ba4+
Kf7 28. Bd7 Rc7 29. Rfb1 Qd6 30. Ba4 Qd5 31. Qh3 Rb7 32. Rc1 g6 33. Bd1 Qd6 34.
Rxc4 Be7 35. Rca4 a5 36. Rxa5 Qb4 37. Bf3 Rd7 38. Qg3 Bf6 39. R5a4 Qb3 40. R1a3
Qb1+ 41. Kh2 Qc2 42. Qe1 Kg7 43. Ra6 Re8 44. Qb4 Rc7 45. Qb5 Ree7 46. d5 Rb7
47. Qa5 exd5 48. Rxf6 Kxf6 49. Bd4+ Kf7 50. Qxd8 Qxg2+ 1-0

[Event "Ontario op"]
[Site "Toronto CAN"]
[Date "1977.05.23"]
[Round "5"]
[White "Brodie, Hugh"]
[Black "Drkulec, Vladimir"]
[Result "0-1"]
[WhiteElo "1858"]
[BlackElo "1925"]
[PlyCount "108"]
[EventDate "1977.05.21"]
[EventType "swiss"]
[EventRounds "6"]
[EventCountry "CAN"]

1. e4 e6 2. d3 c5 3. Nd2 Nc6 4. Ngf3 g6 5. g3 Bg7 6. Bg2 Nge7 7. O-O d5 8. Re1
O-O 9. Nf1 d4 10. h4 e5 11. N3h2 f5 12. h5 f4 13. hxg6 hxg6 14. Bd2 Qe8 15.
gxf4 exf4 16. Ng4 Ne5 17. Nxe5 Bxe5 18. Nh2 Nc6 19. Qf3 Qe6 20. Bf1 Bd6 21. Qg2
Ne5 22. f3 Bd7 23. Be2 Qf6 24. Qf2 Qg5+ 25. Kh1 Kg7 26. Rg1 Qh6 27. Rae1 Rh8
28. Bd1 Be7 29. Re2 Bh3 30. Be1 Rh7 31. Rd2 Rah8 32. Be2 Be6 33. Bd1 Kf7 34.
Rg2 Qh3 35. Kg1 Bh4 36. Qf1 Bg3 37. Bxg3 fxg3 38. f4 Ng4 39. Bxg4 Bxg4 40. f5
gxf5 41. Qf4 gxh2+ 42. Kh1 Qf3 43. Rdf2 Qxf4 44. Rxf4 Ke6 45. exf5+ Bxf5 46.
Re2+ Kf6 47. Ref2 Rh5 48. a3 Re8 49. Rf1 Re2 50. b4 b6 51. bxc5 bxc5 52. a4 Ke5
53. R4f2 Rxf2 54. Rxf2 Be6 0-1

[Event "Ontario op"]
[Site "Toronto CAN"]
[Date "1977.05.23"]
[Round "6"]
[White "Benko, L."]
[Black "Brodie, Hugh"]
[Result "1-0"]
[WhiteElo "1670"]
[BlackElo "1858"]
[PlyCount "47"]
[EventDate "1977.05.21"]
[EventType "swiss"]
[EventRounds "6"]
[EventCountry "CAN"]

1. e4 c5 2. Nf3 Nc6 3. Nc3 g6 4. a3 Bg7 5. Bc4 d6 6. O-O Nf6 7. h3 O-O 8. d3 a6
9. Ba2 b5 10. Be3 h6 11. e5 Nd7 12. e6 fxe6 13. Bxe6+ Kh7 14. Ne4 Nde5 15.
Neg5+ hxg5 16. Nxg5+ Kh8 17. f4 Nd7 18. f5 Nf6 19. fxg6 Bh6 20. Rxf6 Bxg5 21.
Qh5+ Kg7 22. Bxg5 Rh8 23. Rf7+ Kg8 24. Rh7+ 1-0